000 00509nam a2200193Ia 4500
001 12943
003 GE_BSU
008 181216s||||||||xx |||||||||||||| ||und||
040 _cGE_BSU
245 _aАзия и Африка сегодня. №10 (687). 2014
245 _cГл.ред.Васильев А.В.
260 _aМосква
260 _bНаука
260 _c2014
300 _a80стр.29см.
653 _aАзия и Африка
653 _aპერიოდიკა
942 _cCR
999 _c46112
_d46112